000 00768nam a2200229Ia 4500
003 GCL
008 140319s9999 xx 000 0 ara d
020 _a7654270977
040 _aGCL /
_cGCL
082 0 4 _a928.1
_bم ا
100 1 _aمصطفى الشكعة
245 1 0 _aابوالطيب المتنبى فى مصر والعراقين /
_cمصطفى الشكعة
250 _aالاولى
260 _aالقاهرة :
_bالدار المصرية اللبنانية ،
_c2001
300 _a599 ص ؛
_c24 سم
650 0 4 _aالشعر العربى
650 0 4 _aالادب العربى
650 0 4 _aالشعر العربى - تاريخ ونقد
650 0 4 _aالمتنبى, ابو الطيب
650 0 4 _aالشعراء - تراجم
942 _2ddc
_cBK
999 _c5474
_d5474